Most Expensive Countries to Live in by Rent - Statistics

General Stats
  • This quiz has been taken 104 times
    72 since last reset
  • The average score is 7 of 10
Answer Stats
Monthly Pay (USD) Answer % Correct
About $1951 United States
98%
About $2497 Switzerland
89%
About $3742 Monaco
86%
About $2169 Singapore
86%
About $2074 Norway
81%
About $2306 Liechtenstein
73%
About $2163 Luxembourg
72%
About $2316 Ireland
67%
About $2207 Iceland
66%
About 4,346$ Barbados
16%
No matching quizzes found
Score Distribution
Percent of People with Each Score
Percentile by Number Answered
Your Score History
You have not taken this quiz since the last reset